|
|
|
|
| LEADER |
00000nam a22000007a 4500 |
| 005 |
20151217121455.0 |
| 007 |
cr|||| ||u| |
| 008 |
151217t2013 bl ||||| |||| 00||0 por d |
| 020 |
|
|
|a 978-85-8085-030-7
|
| 035 |
|
|
|a 12981
|
| 040 |
|
|
|a vLex
|
| 090 |
|
|
|c 5751
|d 5751
|
| 100 |
1 |
|
|a Menezes Farineli, Alexsandro
|
| 245 |
1 |
0 |
|a Dano moral previdencir̀io
|h [Recurso electrn̤ico] /
|c Alexsandro Menezes Farineli
|
| 256 |
|
|
|a Servicio en ln̕ea
|
| 260 |
|
|
|a Brasil
|b Editora Mundo Jurd̕ico
|c 2013
|
| 300 |
|
|
|a 1 recurso electrn̤ico
|
| 500 |
|
|
|a Agrademos desde j ̀a calorosa acolhida a este trabalho que a ediȯ̂ anterior recebeu, em razô desde fato ̌maior ainda a nossa responsabilidade em apresentar uma nova ediȯ̂ trabalho.
|
| 506 |
1 |
|
|a Conenido solo disponible en los productos indicados
|d vLex Global
|d vLex Global (Academic Edition, excluding Law Schools)
|d vLex Global (U.S. Academic Edition, Law Schools)
|d vLex Global (U.S. Academic Edition, excluding Law Schools)
|d vLex Global (Academic Edition, Law Schools)
|
| 650 |
0 |
4 |
|a Derecho
|z Brasil
|
| 710 |
|
|
|a Maschietto, Fb̀ia
|
| 740 |
0 |
|
|a vLex libros (servicio en ln̕ea)
|
| 856 |
4 |
0 |
|u http://vlex.com/source/dano-moral-previdenciario-12981
|z Acceso restringido
|
| 942 |
|
|
|c BOOK
|
| 999 |
0 |
|
|a Law
|